| 000 | 00366nam a2200145Ia 4500 | ||
|---|---|---|---|
| 008 | 150201s2006 xx 000 0 und d | ||
| 082 |
_a617.692 _bR2006R |
||
| 100 | _aLOVELY M. | ||
| 245 | _aREVIEW OF FIXED PARTIAL DENTURE | ||
| 250 | _a1ST | ||
| 260 |
_bJAYPEE MEDICAL PUBLISHER _aDELHI _c2006 |
||
| 300 | _a1-316 | ||
| 650 | _aPROSTHODONTICS | ||
| 942 |
_2ddc _cBK _01 |
||
| 999 |
_c3781 _d3781 |
||